JetPunk will be down very briefly at 3:00PM EST (12:00PM PST, 8:00PM GST)

Statistics for "New" Geography Quiz

Click here to take the quiz!

General Stats

  • This quiz has been taken 303 times
    (228 since last reset)
  • The average score is 17 of 28

Answer Stats

ClueAnswer% Correct
"The Big Apple"New York City
100%
Someone from here is called "Kiwi"New Zealand
98%
Capital of IndiaNew Delhi
98%
Jazz originated from hereNew Orleans
90%
Former name of the aboveNew Amsterdam
90%
Most populous Australian stateNew South Wales
89%
Woodrow Wilson was its governorNew Jersey
86%
Briefly independent Canadian islandNewfoundland
85%
"The Granite State"New Hampshire
84%
English name of "Nova Scotia"New Scotland
83%
Region where the above is locatedNew England
81%
English city "upon Tyne"Newcastle
81%
The NG in initials PNGNew Guinea
78%
Where "Breaking Bad" takes placeNew Mexico
78%
Canadian neighbour of MaineNew Brunswick
58%
Pacific territory of FranceNew Caledonia
55%
Biggest city of the aboveNewark
53%
City of Yale UniversityNew Haven
51%
Rhode Island city of mansionsNewport
44%
Meaning of Russia's "Novosibirsk"New Siberia
35%
Historical name for mainland AustraliaNew Holland
27%
Major islands east of the aboveNew Ireland
27%
Major islands east of the aboveNew Britain
26%
Region that surrounds Taiwan's capitalNew Taipei
18%
Most populous island of BahamasNew Providence
15%
Colonial name for VanuatuNew Hebrides
14%
Biggest region of Hong KongNew Territories
12%
"The Whaling City" of MassachusettsNew Bedford
9%

Score Distribution

Percentile by Number Answered

Percent of People with Each Score

Your Score History

You have not taken this quiz since the last reset